01980nam a2200373 a 45000010008000000030009000080050017000170070008000340080041000420200019000830400023001020920028001252450159001532600032003123000049003444900018003935000019004115040028004305050516004586500042009746500051010166500041010676500036011087000028011447000025011727000022011978300018012199100037012379420012012749520140012869520147014269560018015739990015015910000230DO-SdBNP20160413111702.00000230150130s2013 dr ac 000 0 spa d a9789945174823  aBPMSU bspacBPMSU a373.7bM425a 2do, 201300aMatemática 2 :beducación media /cgerencia editorial Anna Rogero Soler ; colaboradores Kreemly Pérez ... [et. al.]; ilustraciones Joaquín Turina. aSanto Domingo :bSM,c2013. a311 p. : bil., retrs, c29 cm. + eCD-ROM :1 aProyecto Sé aIncluye CD-ROM aBibliografía: p. 3111 tUnidad 1 --tFunciones lineales y sistemas de ecuaciones lineales --tUnidad 2 --tFunciones. Ecuaciones e inecuaciones cuadráticas --tUnidad 3 --tMétodos de demostración --tUnidad 4 --tÁngulos, rectas paralelas y triángulos --tUnidad 5 --tTransformaciones geométricas. Congruencia de figuras planas --tUnidad 6 --tSemejanza de figuras planas. Sistemas algebraicos --tUnidad 7 --tRazones trigonométricas. Área y volumen --tUnidad 8 --tEstadística --tGlosario --tBibliografía -- aMATEMÁTICASxENSEÑANZA SECUNDARIA aEDUCACIÓN SECUNDARIAzREPÚBLICA DOMINICANA aMATEMÁTICASxESTUDIOS Y EJERCICIOS aMATEMÁTICASxLIBROS DE TEXTOS1 aRogero Soler, Annaeed.1 aTurina, Joaquineil.1 aPérez, Kreemly. 0aProyecto Sé aValidado. Control de calidad MFF 2ddccBK 00102ddc40708ESCaBPMETbBPMETd2016-04-01eDonaciónl0o373.7 M425a 2do, 2013pBPMSU16040005r2016-04-01w2016-04-01yBK 00102ddc40708ESCaBPMETbBPMETd2016-04-01eDonaciónl0o373.7 M425a 2do, 2013pBPMSU16040006r2016-04-01tej. 2w2016-04-01yBK aYLOCKWARDb10 c9494d9494